000 00434nam a22001577a 4500
020 _a818205-229-7
082 _a030
_bCHA/A
100 _aCHATURVEDY , J,.C
245 _aACADEMIC DICTIONARY OF LAW AND LEGISLATION
_bSOCIAL SCIENCE
246 _aACADEMIC DICTIONARY OF LAW AND LEGISLATION
_bSOCIAL SCIENCE
260 _aDELHI
_bISHA BOOKS
_c2005
300 _a276
520 _aSOCIAL SCIENCE
650 _aSOCIAL SCIENCE
942 _cBK
999 _c1495
_d1495